Curso Atención y tratamiento de niños y adolescentes, módulo 4: políticas de atención a la infancia: experiencias prácticas/
El libro es un curso de capacitación dirigido a los oficiales de policía mediante la modalidad de educación a distancia. Este es el modulo IV. Y esta enfocado a que los participantes obtengan un conocimiento interdisciplinario de la realidad del niño y del adolescente en el Perú y les provea de los...
محفوظ في:
| المؤلف الرئيسي: | |
|---|---|
| التنسيق: | نص |
| منشور في: |
Lima:
Rädda Barnen
|
| الموضوعات: | |
| الوسوم: |
إضافة وسم
لا توجد وسوم, كن أول من يضع وسما على هذه التسجيلة!
|
MARC
| LEADER | 00000 a a2200000 04500 | ||
|---|---|---|---|
| 001 | 34998 | ||
| 003 | |||
| 040 | |||
| 090 | |a 1002 C977c | ||
| 100 | |a Rottier Hassinger, Norma | ||
| 245 | |a Curso Atención y tratamiento de niños y adolescentes, módulo 4: políticas de atención a la infancia: experiencias prácticas/ |c Norma Rottier Hassinger | ||
| 260 | |a Lima: |b Rädda Barnen | ||
| 300 | |a 125 p. | ||
| 520 | |a El libro es un curso de capacitación dirigido a los oficiales de policía mediante la modalidad de educación a distancia. Este es el modulo IV. Y esta enfocado a que los participantes obtengan un conocimiento interdisciplinario de la realidad del niño y del adolescente en el Perú y les provea de los instrumentos metodológicos y técnicos para trabajar con este sector de la población | ||
| 650 | |a MENORES DE EDAD | ||
| 650 | |a CURSOS DE CAPACITACION | ||
| 650 | |a POLICIA | ||
| 650 | |a POLITICA SOCIAL | ||
| 650 | |a PERU | ||
| 650 | |a INDICADORES DEMOGRAFICOS | ||
| 999 | |c 16033 |d 16033 | ||
